地理の統計TOP5〜6 商品作物編 - Statistics

General Stats
  • This quiz has been taken 22 times
  • The average score is 17 of 57
Answer Stats
統計 世界計 順位 Answer % Correct
サトウキビ生産量 18.6億t 1 ブラジル
63%
コーヒー豆生産量 991万t 1 ブラジル
63%
カカオ豆生産量 558万t 1 コートジボワール
63%
2 ガーナ
63%
日本のカカオ豆輸入先 5.4万t 1 ガーナ
63%
茶生産量 2819万t 1 中国
63%
2 インド
63%
バナナ生産量 1.2億t 1 インド
58%
綿花生産量 2420万t 1 インド
58%
日本のコーヒー豆輸入先 43.7万t 1 ブラジル
53%
パーム油(アブラヤシ)生産量 7587万t 1 インドネシア
53%
2 中国
53%
2 インド
47%
3 アメリカ
47%
2 ベトナム
42%
2 中国
37%
3 インドネシア
37%
2 マレーシア
37%
3 ケニア
32%
天然ゴム 1402万t 1 タイ
32%
2 インドネシア
32%
3 ベトナム
32%
5 エクアドル
32%
3 タイ
32%
5 パキスタン
32%
3 インドネシア
26%
5 エチオピア
26%
2 ベトナム
26%
5 スリランカ
26%
4 ブラジル
26%
2 ウクライナ
26%
3 中国
21%
4 コロンビア
21%
3 コロンビア
21%
4 エチオピア
21%
3 インドネシア
21%
4 コートジボワール
21%
5 インド
21%
ひまわり種子生産量 5819万t 1 ロシア
21%
4 ブラジル
16%
2 エクアドル
16%
4 中国
16%
4 ブラジル
16%
6 ウズベキスタン
16%
5 エクアドル
11%
3 ベネズエラ
11%
6 ベトナム
11%
4 中国
11%
4 パキスタン
5%
5 グアテマラ
5%
4 トルコ
5%
6 コートジボワール
5%
5 ナイジェリア
5%
3 アルゼンチン
5%
5 タイ
0%
4 コロンビア
0%
5 ルーマニア
0%
No matching quizzes found
Score Distribution
Percent of People with Each Score
Percentile by Number Answered
Your Score History
You have not taken this quiz